Statistics for The Only Asian Country ...

Click here to take the quiz!

General Stats

  • This quiz has been taken 40,621 times
    (40,227 since last reset)
  • The average score is 14 of 20

Answer Stats

The only country that ... Country % Correct
starts with the letter YYemen
98%
is majority JewishIsrael
97%
was attacked with nuclear weaponsJapan
92%
has a GDP over $10 trillionChina
91%
borders the Black and Mediterranean seasTurkey
86%
has over 50 million people living
on less than $2/day
India
86%
has the same name as a U.S. stateGeorgia
85%
is technically at war with its
southern neighbor
North Korea
84%
ends in the letter QIraq
79%
has land on the EquatorIndonesia
78%
has a population that is 30% nomadic
(or semi-nomadic)
Mongolia
72%
has more than one skyscraper per
ten square kilometers
Singapore
69%
has a capital whose name starts with HVietnam
68%
has a capital city with an elevation
over 2500 meters
Bhutan
64%
was named for a Spanish kingPhilippines
57%
is a theocracyIran
49%
has Portuguese as an official languageEast Timor
43%
lost its seat in the United NationsTaiwan
37%
had a population decline during the 1970sCambodia
31%
was led by a one-eyed mullahAfghanistan
29%

Score Distribution

Percentile by Number Answered

Percent of People with Each Score

Your Score History

You have not taken this quiz since the last reset